000 00506nam a2200169 i 4500
001 185819
003 ES-MaACL
005 20250917063102.0
008 160812s1905 fr |||| | fre d
100 1 _aDaudet, Alphonse,
_d1840-1897
_942799
245 1 4 _aLes amoureuses :
_bpoèmes et fantaisies, 1857-1861 /
_cAlphonse Daudet.
250 _aNouvelle éd.
260 _aParis :
_bE. Fasquelle,
_c1905.
300 _a314 p. ;
_c18 cm.
852 _aES-MaACL
_jG-14458
999 _c185819
_d185819